000 00910cab a2200181 4500
001 L130508
008 050808n2005 000 0 eng u
035 _a(Sirsi) u130508
041 _aeng
100 _aKing, Vivien
245 _aWhen to include breaches of statute in schedules of dilapidation
260 _c2005
490 _aRICS Building Surveying Faculty: The Journal
_v(15) July/August 2005, 16-17(2)
520 _aLooks at what to include when preparing a schedule of dilapidation. Advises to include breaches of covenant to comply with statute as well as breaches of contract to keep premises in repair so long as the purported breach falls within the term of the lease and records the surveyor's professional opinion on whether and why there is a breach.
590 _aIKA160805
690 _aPROPERTY-LEASEHOLD PROPERTY-LANDLORD AND TENANT-DILAPIDATIONS-DILAPIDATIONS SCHEDULES
942 _n0
999 _c75661
_d75661